| 000 | 02010nam a2200397 c 4500 | ||
|---|---|---|---|
| 001 | 60831 | ||
| 003 | CO-BoRNBP | ||
| 005 | 20260320210603.0 | ||
| 007 | ta | ||
| 008 | 210828r20162021ck ab er 000 0dspa d | ||
| 020 | _a9584264052 | ||
| 020 | _a9789584264053 | ||
| 040 |
_aCO-BoRNBP _bspa _erda _cCO-BoRNBP |
||
| 041 | 1 |
_aspa _heng |
|
| 082 | 0 | 4 |
_a918.616 _bD18r _222 |
| 100 | 1 | 0 |
_aDavis, Wade, _d1953- _eaut _969520 |
| 245 | 1 | 3 |
_aEl río : _bexploraciones y descubrimientos en la selva amazónica / _cWade Davis ; traducción de Nicolás Suescún. |
| 250 | _aPrimera edición, Quinta edición | ||
| 264 | 1 |
_aBogotá, Colombia : _bEditorial Planeta Colombiana, _c2021 |
|
| 300 |
_a644 páginas : _bilustraciones, mapa en blanco y negro |
||
| 336 |
_atexto _btxt _2rdacontent |
||
| 337 |
_asin mediación _bn _2rdamedia |
||
| 338 |
_avolumen _bnc _2rdacarrier |
||
| 490 | 0 |
_aCrítica _aHistoria mundo moderno |
|
| 500 | _aEl material correspondiente a la dotación PNLB 2022, la fecha de reimpresión es 2021 | ||
| 504 | _aIncluye referencias bibliográficas | ||
| 520 | _aEn 1941 el profesor Richard Evans Schultes, quien después sería hasta el día de su muerte el director del Museo Botánico de Harvard, se internó en la selva amazónica donde pasó los siguientes doce años de su vida explorando ríos que no figuraban en los mapas, recolectando plantas desconocidas para la ciencia y estudiando la sabiduría y las costumbres de docenas de tribus indígenas de Ecuador, Perú, Brasil, Bolivia, Venezuela y, particularmente, Colombia | ||
| 521 | _aRecomendado para un público adulto | ||
| 586 | _aAutor ganador del Premio de Ensayo Samuel Johnson | ||
| 650 | 1 | 7 |
_aEtnobotánica _zAmazonas (Colombia) _2lemb _969521 |
| 650 | 1 | 7 |
_aCocaína _zAmazonas (Colombia) _2lemb _969522 |
| 650 | 1 | 7 |
_aPlantas alucinógenas _zAmazonas (Colombia) _2lemb _969523 |
| 650 | 1 | 7 |
_aPlantas medicinales _zAmazonas (Colombia) _2lemb _969524 |
| 700 | 1 | 0 |
_aSuescún, Nicolás, _d1937-2017 _etrl _963253 |
| 942 |
_2ddc _cBK _n0 |
||
| 999 |
_c60831 _d60831 |
||